[Event "2017 Standard Chess Dropout Tournament, Round 4"]
[Site "SchemingMind.com"]
[Date "2018.02.04"]
[Round "4"]
[White "Andreas Flato"]
[Black "Glenn O'Brien"]
[Result "0-1"]
[WhiteCountry "GER"]
[BlackCountry "AUS"]
[WhiteElo "1799"]
[WhiteRD "131"]
[BlackElo "1916"]
[BlackRD "79"]
[GameID "424342"]

1. e4 e5 2. f4 exf4 3. Nf3 g5 4. Nc3 d6 5. h3 Bg7 6. d4 Nc6 7. Bb5 Bd7 8. O-O h5 9. Bxc6 Bxc6 10. d5 Bd7
11. Qd3 Nh6 12. Bd2 O-O 13. Nd4 c5 14. Nf5 Nxf5 15. exf5 h4 16. Rae1 Re8 17. Rxe8+ Qxe8 18. Re1 Qc8 19. Nb5 c4
0-1

[Event "2017 Standard Chess Dropout Tournament, Round 4"]
[Site "SchemingMind.com"]
[Date "2018.02.03"]
[Round "4"]
[White "Apatchenlama"]
[Black "Andreas Flato"]
[Result "1-0"]
[WhiteCountry "GER"]
[BlackCountry "GER"]
[WhiteElo "1979"]
[WhiteRD "89"]
[BlackElo "1842"]
[BlackRD "111"]
[GameID "424343"]

1. d4 e6 2. c4 c5 3. d5 Nf6 4. Nc3 exd5 5. cxd5 d6 6. e4 Bd7 7. f4 h6 8. Nf3 Be7 9. Bd3 O-O 10. O-O a6
11. a4 Qc7 12. e5 Ne8 13. Qe1 c4 14. Bc2 dxe5 15. fxe5 Bc5+ 16. Kh1 f5 17. Qg3 Kh7 18. Bf4 Qb6 19. Rab1 Qg6 20. Qh3 Kh8
21. e6 Bc8 22. Ne5 Qf6 23. Rf3 Bd4 24. Re1 Nc7 25. Nf7+ Rxf7 26. exf7 Qxf7 27. Bxc7 Qxc7 28. Re8+
1-0

[Event "2017 Standard Chess Dropout Tournament, Round 4"]
[Site "SchemingMind.com"]
[Date "2018.02.08"]
[Round "4"]
[White "Apocalypse"]
[Black "Phil28"]
[Result "1-0"]
[WhiteCountry "USA"]
[BlackCountry "ENG"]
[WhiteElo "2444"]
[WhiteRD "118"]
[BlackElo "2170"]
[BlackRD "133"]
[GameID "424344"]

1. d4 Nf6 2. Nf3 g6 3. Bf4 Bg7 4. h3 O-O 5. e3 d6 6. c3 Nbd7 7. Be2 b6 8. O-O Bb7 9. Bh2 Re8 10. Qb3 Ne4
11. a4 Ndf6 12. a5 Qd7 13. Rd1 Rab8 14. axb6 axb6 15. Na3 Rf8 16. Ne1 Bh6 17. c4 Ng5 18. Bf1 Ne6 19. Qc2 Bg7 20. Nb5 c5
21. Nc3 cxd4 22. exd4 Nh5 23. d5 Nd4 24. Qb1 Nb3 25. Ra3 Bxc3 26. Rxb3 Bg7 27. Rxb6 Ra8 28. Nf3 Qc7 29. Rb3 Ba6 30. Ra3 Bb7
31. Rxa8 Rxa8 32. b4 Qb6 33. Qc2 Bc8 34. Qe2 Ra7 35. Qe1 Bd7 36. Rc1 Bh6 37. c5 Qd8 38. Ra1 Rxa1 39. Qxa1 dxc5 40. bxc5 Nf6
41. Bc4 Bg7 42. Qa7 Qe8 43. c6 Bc8 44. Ne5 Ne4 45. Ba6 Bxa6 46. Qxa6 Nc5 47. Qa5 Ne4 48. c7 Nd6 49. Nc6 Bf6 50. Bxd6
1-0

[Event "2017 Standard Chess Dropout Tournament, Round 4"]
[Site "SchemingMind.com"]
[Date "2018.02.04"]
[Round "4"]
[White "bmariusz"]
[Black "GKThomas"]
[Result "0-1"]
[WhiteCountry "POL"]
[BlackCountry "USA"]
[WhiteElo "1757"]
[WhiteRD "95"]
[BlackElo "2150"]
[BlackRD "130"]
[GameID "424345"]

1. e4 e6 2. d4 d5 3. e5 c5 4. c3 Qb6 5. Nf3 Nc6 6. a3 c4 7. Be2 Na5 8. Nbd2 Bd7 9. O-O h6 10. b4 cxb3
11. Rb1 Ba4 12. c4 Ne7 13. c5 Qc7 14. Nxb3 Nec6 15. Bd2 Nxb3 16. Rxb3 Be7 17. Qb1 Bxb3 18. Qxb3 b6 19. cxb6 Qxb6 20. Qa4 O-O
21. Rc1 Rfc8 22. Ba6 Rc7 23. g3 Rb8 24. Bd3 Qb3 25. Qxb3 Rxb3 26. Be2 Bxa3 27. Ra1 Rcb7 28. Kg2 Bb2 29. Ra4 Ra3 30. Rxa3 Bxa3
31. Bd1 Bc1 32. Ba4 Bxd2 33. Bxc6 Rb2 34. Ng1 a5 35. Nf3 Be3 36. Kh3 Bxf2 37. g4 Rb4 38. g5 a4 39. Bxa4 Rxa4 40. Kg2 Bxd4
0-1

[Event "2017 Standard Chess Dropout Tournament, Round 4"]
[Site "SchemingMind.com"]
[Date "2018.02.04"]
[Round "4"]
[White "Brian Pott"]
[Black "JAHI"]
[Result "0-1"]
[WhiteCountry "AUS"]
[BlackCountry "INT"]
[WhiteElo "2311"]
[WhiteRD "85"]
[BlackElo "2135"]
[BlackRD "71"]
[GameID "424346"]

1. e4 d6 2. d4 d5 3. e5 f6 4. Nf3 fxe5 5. Nxe5 Nf6 6. Be3 e6 7. Be2 Bd6 8. Bh5+ g6 9. Be2 Nc6 10. f4 Bd7
11. Nc3 Bb4 12. O-O Qe7 13. Qd3 Bd6 14. a3 Rf8 15. Nb5 a6 16. Nxd6+ cxd6 17. Nxd7 Qxd7 18. Bf3 Ne7 19. b3 Nf5 20. Bf2 Kf7
21. g4 Ng7 22. c4 Rac8 23. c5 Qb5 24. Qxb5 axb5 25. Rfe1 dxc5 26. dxc5 Kg8 27. b4 Nd7 28. Be3 Ne5 29. Bxd5 exd5 30. fxe5 Ne6
31. Rad1 Rcd8 32. Kg2 Rd7 33. h4 d4 34. Bh6 Rb8 35. Rf1 Rd5 36. Rde1 Ra8
0-1

[Event "2017 Standard Chess Dropout Tournament, Round 4"]
[Site "SchemingMind.com"]
[Date "2018.02.05"]
[Round "4"]
[White "chesshub"]
[Black "greghghs"]
[Result "1-0"]
[WhiteCountry "FRA"]
[BlackCountry "ENG"]
[WhiteElo "2622"]
[WhiteRD "86"]
[BlackElo "2427"]
[BlackRD "91"]
[GameID "424347"]

1. d4 f5 2. g3 g6 3. Bg2 Nf6 4. Nf3 Bg7 5. O-O O-O 6. c4 d6 7. Nc3 c6 8. Rb1 a5 9. Qb3 Kh8 10. Rd1 Na6
11. Be3 Ng4 12. Bg5 h6 13. Bd2 g5 14. Rbc1 Rb8 15. h3 Nf6 16. h4 Ne4 17. Be1 g4 18. Nh2 Nxc3 19. Bxc3 Qc7 20. d5 Nc5
21. Qc2 Bxc3 22. Qxc3+ Rf6 23. Nf1 Bd7 24. Nd2 Rf8 25. b3 Qb6 26. e3 Kg8 27. a3 cxd5 28. cxd5 Bb5 29. b4 axb4 30. axb4 Nd7
31. Nb3 Ba4 32. Rd2 Bxb3 33. Qxb3 Ra8 34. Rdc2 Ne5 35. Bf1 Rff8 36. Kg2 Kf7 37. Rc7 Kf6 38. Qb1 Qa7 39. Qb2 Rf7 40. Bb5 Qa3
41. Qd4 Kg6 42. Rc8 Kg7 43. R8c7 Kh7 44. Rb1 Qa2 45. Rbc1 Kg6 46. R7c2 Qa3 47. Rb1 Kg7 48. Rc7 Qa2 49. Rbc1 Kg6 50. R7c2 Qa3
51. Rb1 Rff8 52. Rc7 Rf7 53. Qd2 b6 54. Rc3 Qa7 55. Rbc1 Kg7 56. Bc6 Rc8 57. Qd1 Rb8 58. Ra1 Qc7 59. Rac1 Qd8 60. Bb5 Kh8
61. Ba6 Qg8 62. Bc8 Rf8 63. Be6 Qg6 64. Rc7 Qg7 65. Qc2 Qf6 66. b5 h5 67. Ra7 Ng6 68. Qa2 Kg7 69. Rc4 Kh6 70. Qc2 Kh7
71. Rcc7 Kh6 72. Rcb7 Rxb7 73. Rxb7 Ra8 74. Qxf5 Kg7 75. Rxb6 Qxf5 76. Bxf5
1-0

[Event "2017 Standard Chess Dropout Tournament, Round 4"]
[Site "SchemingMind.com"]
[Date "2018.02.04"]
[Round "4"]
[White "Diadoco"]
[Black "Dom P"]
[Result "1-0"]
[WhiteCountry "MEX"]
[BlackCountry "ENG"]
[WhiteElo "2016"]
[WhiteRD "82"]
[BlackElo "1569"]
[BlackRD "97"]
[GameID "424348"]

1. e4 d6 2. d4 Nd7 3. f4 g6 4. Nf3 b6 5. Bd3 c5 6. c3 Bg7 7. Be3 Ngf6 8. h3 O-O 9. O-O Nh5 10. Qe1 e5
11. fxe5 dxe5 12. d5 a6 13. c4 Nf4 14. Qd2 Nxd3 15. Qxd3 Qc7 16. Nc3 Qb8 17. Rf2 b5 18. cxb5 axb5 19. Qxb5 Qxb5 20. Nxb5 Ba6
21. Nc3 Bd3 22. Rd1 c4 23. Ne1 Bf6 24. Nxd3 cxd3 25. Rxd3 Bh4 26. Rf1 Bg3 27. Bg5 f6 28. Bh6 Rfb8 29. Rxg3 Rxb2 30. Rgf3 Rc2
31. R1f2 Rxf2 32. Rxf2 Rc8 33. Bd2 Rc4 34. a4 Nc5 35. a5 Nxe4 36. Nxe4 Rxe4 37. Rxf6 Rd4 38. Bh6 Rxd5 39. Rf8#
1-0

[Event "2017 Standard Chess Dropout Tournament, Round 4"]
[Site "SchemingMind.com"]
[Date "2018.02.04"]
[Round "4"]
[White "Dom P"]
[Black "lawyertheologian"]
[Result "0-1"]
[WhiteCountry "ENG"]
[BlackCountry "USA"]
[WhiteElo "1569"]
[WhiteRD "97"]
[BlackElo "1946"]
[BlackRD "91"]
[GameID "424349"]

1. e4 Nf6 2. Nc3 d5 3. exd5 Nxd5 4. Bc4 Nb6 5. b3 Nxc4 6. bxc4 Nc6 7. Nh3 e5 8. d3 Bb4 9. Bd2 Qd4 10. Nb5 Bxd2+
11. Kxd2 Qb6 12. Rb1 Qa5+ 13. Kc1 a6 14. Re1 O-O 15. Qd2 Qxd2+ 16. Kxd2 axb5 17. cxb5 Nd4 18. Re3 Rxa2 19. Ng1 Nxc2 20. Rc1 Nxe3+
21. Kxe3 Rb2 22. Rc5 Re8 23. f3 b6 24. Rxc7 Rxb5 25. Ne2 Rc5 26. Ra7 b5 27. Ra5 Bb7 28. Kf2 Ra8 29. Rxa8+ Bxa8 30. d4 exd4
31. Nxd4 Bd5 32. Nb3 Bxb3
0-1

[Event "2017 Standard Chess Dropout Tournament, Round 4"]
[Site "SchemingMind.com"]
[Date "2018.02.05"]
[Round "4"]
[White "Phillip Beckett"]
[Black "Ragged Rook"]
[Result "1-0"]
[WhiteCountry "ENG"]
[BlackCountry "ENG"]
[WhiteElo "1605"]
[WhiteRD "56"]
[BlackElo "1866"]
[BlackRD "89"]
[GameID "424351"]

1. d4 g6 2. c4 Bg7 3. Nc3 d6 4. f3 c5 5. dxc5 Bxc3+ 6. bxc3 Qa5 7. cxd6 Nc6 8. e4 Qxc3+ 9. Bd2 Qd4 10. dxe7 Ngxe7
11. Rb1 O-O 12. Bh6 Re8 13. Qxd4 Nxd4 14. Ne2 Nc2+ 15. Kf2 f5 16. Nc3 Nd4 17. Nd5 Nxd5 18. exd5 b6 19. Be3 Nc2 20. Bf4 Bb7
21. Rb2 Na3 22. Bd6
1-0

[Event "2017 Standard Chess Dropout Tournament, Round 4"]
[Site "SchemingMind.com"]
[Date "2018.02.05"]
[Round "4"]
[White "frankly"]
[Black "Dan Geana"]
[Result "1/2-1/2"]
[WhiteCountry "ENG"]
[BlackCountry "ROU"]
[WhiteElo "2669"]
[WhiteRD "65"]
[BlackElo "2550"]
[BlackRD "110"]
[GameID "424352"]

1. d4 Nf6 2. c4 e6 3. Nf3 d5 4. g3 dxc4 5. Bg2 a6 6. O-O Nc6 7. e3 Bd7 8. Qe2 Bd6 9. Qxc4 O-O 10. Rd1 Rb8
11. Nbd2 Qe7 12. Qe2 e5 13. dxe5 Nxe5 14. Nxe5 Bxe5 15. Nc4 Ba4 16. Rd2 Rfd8 17. Rb1 Bb5 18. b3 Bxc4 19. bxc4 b6 20. Qd1 Rxd2
21. Bxd2 a5 22. Qc2 Nd7 23. Rd1 Nc5 24. f4 Bd6 25. Kf2 Rd8 26. Bf3 Qf8 27. Bd5 Be7 28. e4 Qe8 29. e5 Qa4 30. Qxa4 Nxa4
31. Ke2 Kf8 32. h4 Nb2 33. Rc1 Bb4 34. Be3 Na4 35. Rc2 h5 36. Kf3 Bc5 37. Bd2 Bb4 38. Bc1 Nc5 39. Be3 Nd3 40. Rh2 Ke7
41. a4 Re8 42. Ke4=
1/2-1/2

[Event "2017 Standard Chess Dropout Tournament, Round 4"]
[Site "SchemingMind.com"]
[Date "2018.02.04"]
[Round "4"]
[White "FransEvers"]
[Black "Mekk"]
[Result "1/2-1/2"]
[WhiteCountry "NED"]
[BlackCountry "POL"]
[WhiteElo "1908"]
[WhiteRD "109"]
[BlackElo "1907"]
[BlackRD "102"]
[GameID "424353"]

1. e4 e6 2. d4 d5 3. Nc3 Nf6 4. e5 Nfd7 5. f4 c5 6. Nf3 Nc6 7. Be3 a6 8. Qd2 f6 9. O-O-O Be7 10. g4 b5
11. dxc5 Nxc5 12. Bxc5 Bxc5 13. exf6 gxf6 14. h4 Qb6 15. Re1 O-O 16. Kb1 Ra7 17. g5 f5 18. h5 Nd8 19. h6 d4 20. Nd1 Bb7
21. Qg2 Bd5 22. Bd3 Kh8 23. Rh3 Rg8 24. Rg1 Rg6 25. Qg3 Bxf3 26. Qxf3 Rd7 27. Rg2 Qb7 28. Qxb7 Nxb7 29. Nf2 Ba7 30. Be2 Bb8
31. Nd3 a5 32. Bh5 Rg8 33. Rhg3 Nd6 34. Ne5 Rc7 35. Rd3 Ba7 36. Nf3 Ne4 37. Nxd4 Bxd4 38. Rxd4 Rgc8 39. a3 Rc6 40. Bf3 Rc4
41. Rd7 b4 42. axb4 Rxb4 43. Bxe4 Rxe4 44. Rgd2 Rg8 45. Re7 Rxf4 46. Rdd7 Rxg5 47. Rxh7+ Kg8 48. Rhe7 Rg1+ 49. Ka2 Ra4+ 50. Kb3 Rb4+
51. Kc3 Rg3+ 52. Rd3 Rxd3+ 53. cxd3 Rb6 54. d4=
1/2-1/2

[Event "2017 Standard Chess Dropout Tournament, Round 4"]
[Site "SchemingMind.com"]
[Date "2018.02.04"]
[Round "4"]
[White "GKThomas"]
[Black "Phillip Beckett"]
[Result "1-0"]
[WhiteCountry "USA"]
[BlackCountry "ENG"]
[WhiteElo "2155"]
[WhiteRD "132"]
[BlackElo "1589"]
[BlackRD "56"]
[GameID "424355"]

1. e4 e5 2. Nf3 Nc6 3. Bb5 a6 4. Ba4 Nf6 5. O-O Be7 6. d3 b5 7. Bb3 d6 8. a4 Bd7 9. Nc3 b4 10. Nd5 Na5
11. Nxf6+ Bxf6 12. Bd5 c6 13. Ba2 O-O 14. h3 Rb8 15. Be3 b3 16. Bxb3 Nxb3 17. cxb3 c5 18. Nd2 Be6 19. Rc1 Bg5 20. Nc4 Bxe3
21. fxe3 Qe7= 22. d4 exd4 23. exd4 cxd4 24. Qxd4 Rxb3 25. Nxd6 Bxh3 26. gxh3 Qg5+ 27. Kf2 Rxh3 28. Rc5 Qg4 29. Ke1 Rh2 30. Qe3 Rxb2
31. Rg5 Re2+ 32. Qxe2 Qxg5 33. e5 Rb8 34. Kd1 h6 35. Nc4 Qg6 36. Kd2 Rb4 37. a5 Rb3 38. Rf3 Rb1 39. Rd3 Qg5+ 40. Kc3 Qg1
41. Rd8+ Kh7 42. e6 Rc1+ 43. Kb3 Rb1+ 44. Nb2 Qg3+ 45. Qd3+ Qxd3+ 46. Rxd3 fxe6 47. Rd6 h5 48. Rxa6 Ra1 49. Na4 Rb1+ 50. Kc3 Rc1+
51. Kb2 Rc4 52. Kb3 Rc8 53. Rxe6 Ra8 54. Kb4 h4 55. Re7
1-0

[Event "2017 Standard Chess Dropout Tournament, Round 4"]
[Site "SchemingMind.com"]
[Date "2018.02.08"]
[Round "4"]
[White "Glenn O'Brien"]
[Black "Sebastian Strauchler"]
[Result "0-1"]
[WhiteCountry "AUS"]
[BlackCountry "ARG"]
[WhiteElo "1902"]
[WhiteRD "79"]
[BlackElo "2188"]
[BlackRD "108"]
[GameID "424356"]

1. e4 c5 2. Nf3 Nc6 3. d4 cxd4 4. Nxd4 g6 5. Nc3 Bg7 6. Be3 Nf6 7. Bc4 O-O 8. Bb3 d6 9. O-O Ng4 10. Nxc6 bxc6
11. h3 Nxe3 12. Be6 Nxd1 13. Bxf7+ Rxf7 14. Nxd1 Qb6
0-1

[Event "2017 Standard Chess Dropout Tournament, Round 4"]
[Site "SchemingMind.com"]
[Date "2018.02.04"]
[Round "4"]
[White "greghghs"]
[Black "frankly"]
[Result "1/2-1/2"]
[WhiteCountry "ENG"]
[BlackCountry "ENG"]
[WhiteElo "2440"]
[WhiteRD "90"]
[BlackElo "2583"]
[BlackRD "67"]
[GameID "424357"]

1. e4 e5 2. Nf3 Nc6 3. Bc4 Nf6 4. d3 Bc5 5. c3 d6 6. Bb3 a6 7. O-O Ba7 8. Re1 O-O 9. h3 h6 10. Nbd2 Re8
11. Nf1 Bd7 12. Ng3 Be6 13. Bxe6 Rxe6 14. Nf5 d5 15. Qb3 dxe4 16. dxe4 Qe8 17. Be3 Bxe3 18. Rxe3 b5 19. Re2 Na5 20. Qc2 Rd8
21. b3 Nb7 22. c4 b4 23. Ne3 c6 24. c5 Qf8 25. Rd2 a5 26. Rad1 Rxd2 27. Nxd2 Nd7 28. g3 Ndxc5 29. Ndc4 Qe7 30. Nf5 Qc7
31. Kg2 Kh7 32. h4 g6 33. Nfe3 h5 34. f3 Re8 35. Nd6 Re6 36. Ndc4 Re7 37. g4 Ne6 38. gxh5 Nf4+ 39. Kh1 Nxh5 40. Qd2 f6
41. Ng4 Kg8 42. Kg1 Rh7 43. Kf2 Kf8 44. Qe3 Kg8 45. Ke1 Kh8 46. Rd2 Qe7 47. Qa7 Rf7 48. Nd6 Nxd6 49. Qxe7 Rxe7 50. Rxd6 Kg7
51. Rxc6= Rd7 52. Ra6 Rd3 53. Ra7+ Kf8 54. Ke2 Nf4+ 55. Kf2 Rd2+ 56. Ke1 Rxa2 57. Nxf6 Nd3+ 58. Kd1 Nc5 59. Rc7 Nxb3 60. Rd7 Ra1+
61. Kc2 Nd4+=
1/2-1/2

[Event "2017 Standard Chess Dropout Tournament, Round 4"]
[Site "SchemingMind.com"]
[Date "2018.02.06"]
[Round "4"]
[White "Holty"]
[Black "John Hamer"]
[Result "0-1"]
[WhiteCountry "ENG"]
[BlackCountry "ENG"]
[WhiteElo "1726"]
[WhiteRD "63"]
[BlackElo "2041"]
[BlackRD "66"]
[GameID "424359"]

1. d4 Nf6 2. c4 c6 3. Nf3 d5 4. Nc3 dxc4 5. a4 Bf5 6. Nh4 Bc8 7. Nf3 e6 8. e4 Bb4 9. Bg5 Bxc3+ 10. bxc3 Qa5
11. Bd2 Nxe4 12. Bxc4 O-O 13. O-O c5 14. Qc2 Nd6 15. Bd3 f5 16. c4 Qc7 17. Rfe1 Bd7 18. Ne5 cxd4 19. Bb4 Na6 20. Ba3 b6
21. Rac1 Nc5 22. Bxc5 bxc5 23. Nxd7 Qxd7 24. f3 Rfe8 25. Rb1 e5 26. Qa2 e4 27. fxe4 fxe4 28. Bf1 d3 29. a5 Qf7 30. a6 Nxc4
31. Rb7 Qd5 32. Reb1 Qd4+ 33. Kh1 Rf8 34. h3 Kh8 35. Rd1 Ne3 36. Rbb1 Nxd1 37. Rxd1 Rf2 38. Qb1 Raf8 39. Kh2 d2 40. Qb7 Qe5+
41. Kg1 Rxf1+
0-1

[Event "2017 Standard Chess Dropout Tournament, Round 4"]
[Site "SchemingMind.com"]
[Date "2018.02.04"]
[Round "4"]
[White "JAHI"]
[Black "Helga1946"]
[Result "0-1"]
[WhiteCountry "INT"]
[BlackCountry "GER"]
[WhiteElo "2108"]
[WhiteRD "71"]
[BlackElo "2278"]
[BlackRD "66"]
[GameID "424361"]

1. b3 e5 2. Bb2 Nc6 3. d3 d5 4. d4 Nxd4 5. Bxd4 exd4 6. Qxd4 Be7 7. Nc3 Nf6 8. e3 c5 9. Qa4+ Bd7 10. Bb5 d4
11. Bxd7+ Nxd7 12. exd4 O-O 13. Nge2 Bf6 14. Rd1 Re8 15. Qb5 cxd4 16. Nd5 a6 17. Qb4 Rc8 18. Qd2 Bg5 19. Qxd4 Rxc2 20. Ne3 Bxe3
21. fxe3 Qa5+ 22. b4 Qxa2 23. Nc1 Qe6 24. Ne2 Nf6 25. Rf1 Rc4 26. Qd3 Ng4 27. Rf4 Rxf4 28. exf4 h5 29. Rc1 Qb6 30. h3 Qf2+
31. Kd2 Ne3 32. Rc5 Nxg2 33. Re5 Rc8 34. Rc5 Rxc5 35. bxc5 Nxf4 36. Qd8+ Kh7 37. Qd4 Qxe2+ 38. Kc3 Qf3+ 39. Kb4 Nxh3 40. c6 bxc6
41. Kc5 g5 42. Kb6 Qf2 43. Qxf2 Nxf2 44. Kxc6 g4 45. Kb6 g3 46. Ka5 g2 47. Kxa6 Ne4 48. Kb6 g1=Q+ 49. Kc6 Qc5+ 50. Kd7 Kg6
51. Ke8 Qc7 52. Kf8 Qd8#
0-1

[Event "2017 Standard Chess Dropout Tournament, Round 4"]
[Site "SchemingMind.com"]
[Date "2018.02.07"]
[Round "4"]
[White "Jari Laine"]
[Black "Brian Pott"]
[Result "1-0"]
[WhiteCountry "FIN"]
[BlackCountry "AUS"]
[WhiteElo "2506"]
[WhiteRD "76"]
[BlackElo "2271"]
[BlackRD "90"]
[GameID "424362"]

1. e4 e5 2. Nf3 Nc6 3. d4 exd4 4. Nxd4 Bc5 5. Nb3 Bb6 6. Nc3 Nf6 7. Qe2 O-O 8. Bg5 h6 9. Bh4 d6 10. O-O-O Be6
11. f3 Re8 12. Kb1 a6 13. h3 Ne5 14. g4 Ng6 15. Bg3 Ne7 16. f4 Nc6 17. e5 Bxb3 18. axb3 Nd7 19. Qe4 dxe5 20. fxe5 Qc8
21. Bd3 Nf6 22. Qe2 Nd4 23. Qf1 Nd7 24. Bc4 Ne6 25. h4 Ba5 26. Ne4 Bb4 27. g5 b5 28. Bd3 h5 29. Qf3 g6 30. Rhf1 Rf8
31. Bc4 Nb6 32. Nf6+ Kh8 33. Bxe6 Qxe6 34. Nxh5
1-0

[Event "2017 Standard Chess Dropout Tournament, Round 4"]
[Site "SchemingMind.com"]
[Date "2018.02.08"]
[Round "4"]
[White "Sebastian Strauchler"]
[Black "smothered mate"]
[Result "1-0"]
[WhiteCountry "ARG"]
[BlackCountry "POL"]
[WhiteElo "2227"]
[WhiteRD "109"]
[BlackElo "2078"]
[BlackRD "80"]
[GameID "424364"]

1. e4 e6 2. d4 d5 3. Nd2 Nf6 4. Bd3 c5 5. e5 Nfd7 6. c3 Nc6 7. Ne2 cxd4 8. cxd4 f6 9. exf6 Nxf6 10. Nf3 Qb6
11. O-O Bd6 12. Bf4 Bxf4 13. Nxf4 O-O 14. Qd2 Nxd4 15. Nxd4 e5 16. Nxd5 Nxd5 17. Nf3 Nf4 18. Nxe5 Be6 19. Be4 Rad8 20. Qc2 h6
21. b3 Qd4 22. Bh7+ Kh8 23. Ng6+ Kxh7 24. Nxf8+ Kg8 25. Nxe6 Nxe6 26. Rad1 Qf6 27. Qc4 Kh8 28. Rxd8+ Nxd8 29. Re1
1-0

[Event "2017 Standard Chess Dropout Tournament, Round 4"]
[Site "SchemingMind.com"]
[Date "2018.02.04"]
[Round "4"]
[White "lawyertheologian"]
[Black "FransEvers"]
[Result "1-0"]
[WhiteCountry "USA"]
[BlackCountry "NED"]
[WhiteElo "1956"]
[WhiteRD "81"]
[BlackElo "1933"]
[BlackRD "110"]
[GameID "424365"]

1. e4 c5 2. Nf3 d6 3. c3 Nf6 4. Bc4 e6 5. Qe2 Be7 6. d4 cxd4 7. cxd4 d5 8. exd5 exd5 9. Bd3 Nc6 10. Nc3 O-O
11. h3 Re8 12. Be3 Bb4 13. O-O a6 14. Qc2 h6 15. a3 Ba5 16. b4 Bb6 17. Rfe1 Be6 18. Rad1 Rc8 19. Qd2 Ba7 20. Bb1 Bb8
21. Bxh6 Kf8 22. Bg5
1-0

[Event "2017 Standard Chess Dropout Tournament, Round 4"]
[Site "SchemingMind.com"]
[Date "2018.02.04"]
[Round "4"]
[White "Mekk"]
[Black "Adrian Grajczak"]
[Result "1-0"]
[WhiteCountry "POL"]
[BlackCountry "POL"]
[WhiteElo "1905"]
[WhiteRD "101"]
[BlackElo "1817"]
[BlackRD "87"]
[GameID "424367"]

1. c4 d6 2. g3 e5 3. Bg2 Nf6 4. Nc3 c6 5. Nf3 Be7 6. O-O O-O 7. d3 h6 8. b4 Be6 9. Bb2 Nbd7 10. a4 a5
11. b5 Qc7 12. Qc2 Nh7 13. Nd2 f5 14. e3 f4 15. exf4 exf4 16. Rfe1 Ne5 17. d4 Bf5 18. Be4 Bxe4 19. Ncxe4 Ng4 20. Qb3 Rf5
21. h3 Ngf6 22. g4
1-0

[Event "2017 Standard Chess Dropout Tournament, Round 4"]
[Site "SchemingMind.com"]
[Date "2018.02.08"]
[Round "4"]
[White "MichaelG"]
[Black "bmariusz"]
[Result "0-1"]
[WhiteCountry "GER"]
[BlackCountry "POL"]
[WhiteElo "1976"]
[WhiteRD "86"]
[BlackElo "1757"]
[BlackRD "95"]
[GameID "424368"]

1. d4 Nf6 2. Nf3 e6 3. c4 d5 4. cxd5 exd5 5. Bg5 h6 6. Bh4 Be6 7. Nc3 Nbd7 8. e3 Bd6 9. Bd3 O-O 10. O-O c6
11. a3 Re8 12. Bg3 Bxg3 13. hxg3 Ng4 14. Nh2 Nxh2 15. Kxh2 Nf6 16. f3 b6 17. b4 a5 18. bxa5 Rxa5 19. Qd2 Qc7 20. e4 dxe4
21. Nxe4 Rh5+ 22. Kg1 Nxe4 23. fxe4 Qxg3 24. Qf4 Qxd3 25. Rad1 Qxa3 26. d5 cxd5 27. exd5 Qc5+
0-1

[Event "2017 Standard Chess Dropout Tournament, Round 4"]
[Site "SchemingMind.com"]
[Date "2018.02.05"]
[Round "4"]
[White "Phil28"]
[Black "Yos"]
[Result "0-1"]
[WhiteCountry "ENG"]
[BlackCountry "INA"]
[WhiteElo "2189"]
[WhiteRD "131"]
[BlackElo "2528"]
[BlackRD "102"]
[GameID "424369"]

1. e4 e5 2. Nf3 Nc6 3. Bb5 a6 4. Ba4 Nf6 5. O-O Be7 6. Re1 d6 7. c3 Bg4 8. d3 O-O 9. Nbd2 b5 10. Bc2 d5
11. h3 Bh5 12. Qe2 d4 13. g4 Bg6 14. cxd4 exd4 15. Nh4 Nd7 16. Nxg6 hxg6 17. Bb3 Nc5 18. Bd5 Ne5 19. Bxa8 Ncxd3 20. f4 Nxf4
21. Qf1 Nfd3 22. Bd5 c6 23. Bb3 Bd6 24. Re2 c5 25. Bd5 Qh4 26. a4 c4 27. axb5 axb5 28. Ra6 Bc7 29. Nb3 cxb3 30. Bd2 Nc4
31. Ra7 Nxd2 32. Rxd2 Qg3+ 33. Kh1 Nf4 34. Rf2 Nxd5 35. exd5 Re8 36. Ra1 Re3 37. Qg2 Qe5 38. d6 Bxd6 39. Rb1 Rg3 40. Re2 Qg5
41. Qa8+ Kh7 42. Qe4 Rxh3+ 43. Kg2 Qh4
0-1

[Event "2017 Standard Chess Dropout Tournament, Round 4"]
[Site "SchemingMind.com"]
[Date "2018.02.06"]
[Round "4"]
[White "Dan Geana"]
[Black "Russell Sherwood"]
[Result "1/2-1/2"]
[WhiteCountry "ROU"]
[BlackCountry "WLS"]
[WhiteElo "2550"]
[WhiteRD "110"]
[BlackElo "2432"]
[BlackRD "111"]
[GameID "424370"]

1. e4 c5 2. Nf3 Nc6 3. d4 cxd4 4. Nxd4 Nf6 5. Nc3 e5 6. Ndb5 d6 7. Bg5 a6 8. Na3 b5 9. Nd5 Be7 10. Bxf6 Bxf6
11. c3 Bg5 12. Nc2 Ne7 13. h4 Bh6 14. a4 bxa4 15. Ncb4 O-O 16. Qxa4 Nxd5 17. Nxd5 a5 18. Bb5 Be6 19. Bc6 Rb8 20. b4 axb4
21. cxb4 Kh8 22. b5 Bxd5 23. Bxd5 Qb6 24. O-O Qxb5=
1/2-1/2

[Event "2017 Standard Chess Dropout Tournament, Round 4"]
[Site "SchemingMind.com"]
[Date "2018.02.07"]
[Round "4"]
[White "Russell Sherwood"]
[Black "sbb"]
[Result "1/2-1/2"]
[WhiteCountry "WLS"]
[BlackCountry "USA"]
[WhiteElo "2432"]
[WhiteRD "111"]
[BlackElo "2517"]
[BlackRD "91"]
[GameID "424373"]

1. e4 e6 2. d4 d5 3. Nd2 Nf6 4. e5 Nfd7 5. Bd3 c5 6. c3 Nc6 7. Ne2 cxd4 8. cxd4 f6 9. Nf4 Nxd4 10. Qh5+ Ke7
11. exf6+ Nxf6 12. Ng6+ hxg6 13. Qxh8 Kf7 14. O-O e5 15. Nb3 Nxb3 16. axb3 Bf5 17. Bxf5 gxf5 18. Bg5 Bc5 19. Qh3 g6 20. Rad1 Qd6
21. b4 Bb6 22. Rfe1 e4 23. Kh1 Re8 24. Qh4= d4 25. f3 d3=
1/2-1/2

[Event "2017 Standard Chess Dropout Tournament, Round 4"]
[Site "SchemingMind.com"]
[Date "2018.02.08"]
[Round "4"]
[White "sbb"]
[Black "Apocalypse"]
[Result "1/2-1/2"]
[WhiteCountry "USA"]
[BlackCountry "USA"]
[WhiteElo "2504"]
[WhiteRD "90"]
[BlackElo "2424"]
[BlackRD "118"]
[GameID "424374"]

1. d4 Nf6 2. c4 e6 3. g3 Bb4+ 4. Bd2 Be7 5. Bg2 d5 6. Nf3 O-O 7. O-O Nbd7 8. Qb3 c6 9. Bf4 b6 10. Nc3 Nh5
11. Be3 Bb7 12. Ne5 Nhf6 13. Nd3 Rc8 14. Rac1 Re8 15. cxd5 exd5 16. Qa4 a5 17. Bh3 Ra8 18. Rfe1 Nf8 19. f3 Ne6 20. Bf2 Bd6
21. e4 dxe4 22. fxe4 Ng5 23. Bg2= Ng4 24. e5 Bf8 25. Rcd1 Nxf2 26. Nxf2 Rc8 27. d5 cxd5 28. h4 Ne6 29. Bxd5 Qe7 30. Qg4 Nc5
31. Kh2 Rcd8 32. Nfe4 Nxe4 33. Qxe4 Bxd5 34. Nxd5 Qe6 35. Re2 Rc8 36. Qf3 a4 37. Kg2 Rc4 38. Nf4 Qc8 39. Rf1 Qd7 40. Nd5 Rc6
41. h5 h6 42. Kh2 b5 43. Rd2 Qb7 44. Rc1 Ree6 45. Re1 Qc8 46. Rf2 Qd7 47. Qd3 Qe8 48. Qxb5 Rc8 49. Qxe8 Rcxe8 50. Rfe2 Bd6
51. Nf4=
1/2-1/2

[Event "2017 Standard Chess Dropout Tournament, Round 4"]
[Site "SchemingMind.com"]
[Date "2018.02.07"]
[Round "4"]
[White "simon_w"]
[Black "Apatchenlama"]
[Result "1-0"]
[WhiteCountry "IRL"]
[BlackCountry "GER"]
[WhiteElo "1868"]
[WhiteRD "105"]
[BlackElo "1827"]
[BlackRD "85"]
[GameID "424375"]

1. e4 e6 2. d4 d5 3. Nd2 c5 4. Ngf3 cxd4 5. Nxd4 Nc6 6. c3 Bc5 7. Nxc6 bxc6 8. exd5 cxd5 9. b4 Bb6 10. a4 Qf6
11. Nf3 Bd7 12. a5 Bc7 13. Qc2 Qe7 14. Be2 h6 15. O-O Nf6 16. Be3 O-O 17. Rab1 Rfb8 18. Nd4 a6 19. f3 Qd6 20. g3 h5
21. f4 Ne4 22. Bxh5 g6 23. Bf3 Kg7 24. Bxe4 dxe4 25. Qxe4 Bc8 26. Qc2 Bb7 27. Rbd1 Qd5 28. Nf3 Qc6 29. Bd4+ Kg8 30. Qg2 Rd8
31. Qh3 e5 32. Ng5 Kf8 33. Bc5+ Ke8 34. Qh8#
1-0